<?xml version="1.0" encoding="UTF-8"?>
<record
    xmlns:xsi="http://www.w3.org/2001/XMLSchema-instance"
    xsi:schemaLocation="http://www.loc.gov/MARC21/slim http://www.loc.gov/standards/marcxml/schema/MARC21slim.xsd"
    xmlns="http://www.loc.gov/MARC21/slim">

  <leader>01434nam0a2200373 i 4500</leader>
  <controlfield tag="001">RU\NLR\BIBL_A\010785585</controlfield>
  <controlfield tag="005">20260406072004.0</controlfield>
  <datafield tag="010" ind1=" " ind2=" ">
    <subfield code="a">9785906791009</subfield>
    <subfield code="9">4000</subfield>
  </datafield>
  <datafield tag="021" ind1=" " ind2=" ">
    <subfield code="a">RU</subfield>
    <subfield code="b">2015-36175</subfield>
    <subfield code="9">2145</subfield>
  </datafield>
  <datafield tag="035" ind1=" " ind2=" ">
    <subfield code="a">(NILC)RuMoRGB-007930915</subfield>
  </datafield>
  <datafield tag="035" ind1=" " ind2=" ">
    <subfield code="a">(NLR Aleph) 010785585</subfield>
  </datafield>
  <datafield tag="090" ind1=" " ind2=" ">
    <subfield code="a">10089516</subfield>
    <subfield code="c">10089516</subfield>
  </datafield>
  <datafield tag="100" ind1=" " ind2=" ">
    <subfield code="a">20150619d2015    um y0rusy50      ca</subfield>
  </datafield>
  <datafield tag="101" ind1="1" ind2=" ">
    <subfield code="a">rus</subfield>
    <subfield code="c">fre</subfield>
  </datafield>
  <datafield tag="102" ind1=" " ind2=" ">
    <subfield code="a">RU</subfield>
  </datafield>
  <datafield tag="105" ind1=" " ind2=" ">
    <subfield code="a">y|||z|||000zy</subfield>
  </datafield>
  <datafield tag="200" ind1="1" ind2=" ">
    <subfield code="a">&#x421;&#x43B;&#x443;&#x448;&#x430;&#x439; &#x441;&#x432;&#x43E;&#x435; &#x442;&#x435;&#x43B;&#x43E; - &#x438; &#x435;&#x448;&#x44C;!</subfield>
    <subfield code="e">&#x43F;&#x44F;&#x442;&#x44C; &#x442;&#x440;&#x430;&#x432;&#x43C;, &#x44D;&#x43C;&#x43E;&#x446;&#x438;&#x438; &#x438; &#x432;&#x435;&#x441;</subfield>
    <subfield code="f">&#x41B;&#x438;&#x437; &#x411;&#x443;&#x440;&#x431;&#x43E;</subfield>
    <subfield code="g">[&#x43F;&#x435;&#x440;. &#x441; &#x444;&#x440;. &#x41D;. &#x411;&#x435;&#x43B;&#x43E;&#x443;&#x441;&#x43E;&#x432;&#x43E;&#x439;]</subfield>
  </datafield>
  <datafield tag="210" ind1=" " ind2=" ">
    <subfield code="a">&#x41C;&#x43E;&#x441;&#x43A;&#x432;&#x430;</subfield>
    <subfield code="c">&#x421;&#x43E;&#x444;&#x438;&#x44F;</subfield>
    <subfield code="d">2015</subfield>
  </datafield>
  <datafield tag="215" ind1=" " ind2=" ">
    <subfield code="a">220, [2] &#x441;.</subfield>
    <subfield code="d">21</subfield>
  </datafield>
  <datafield tag="300" ind1=" " ind2=" ">
    <subfield code="a">&#x41D;&#x430; &#x434;&#x43E;&#x43F;. &#x442;&#x438;&#x442;. &#x43B;. &#x437;&#x430;&#x433;&#x43B;. &#x438; &#x430;&#x432;&#x442;. &#x442;&#x430;&#x43A;&#x436;&#x435; &#x43D;&#x430; &#x444;&#x440;. &#x44F;&#x437;.: &#xC9;coute et mange / Lise Bourbeau</subfield>
  </datafield>
  <datafield tag="320" ind1=" " ind2=" ">
    <subfield code="a">&#x414;&#x440;. &#x43A;&#x43D;. &#x430;&#x432;&#x442;. &#x432; &#x43A;&#x43E;&#x43D;&#x446;&#x435; &#x43A;&#x43D;.</subfield>
  </datafield>
  <datafield tag="517" ind1="1" ind2=" ">
    <subfield code="6">z20790</subfield>
    <subfield code="a">&#xC9;coute et mange</subfield>
  </datafield>
  <datafield tag="606" ind1=" " ind2=" ">
    <subfield code="a">&#x412;&#x435;&#x441; &#x442;&#x435;&#x43B;&#x430;</subfield>
    <subfield code="x">&#x412;&#x43B;&#x438;&#x44F;&#x43D;&#x438;&#x435; &#x43F;&#x438;&#x442;&#x430;&#x43D;&#x438;&#x44F;</subfield>
    <subfield code="9">1261650</subfield>
    <subfield code="3">RU\NLR\AUTH\66200540</subfield>
  </datafield>
  <datafield tag="610" ind1="0" ind2=" ">
    <subfield code="a">&#x43C;&#x435;&#x442;&#x43E;&#x434;&#x44B; &#x441;&#x43D;&#x438;&#x436;&#x435;&#x43D;&#x438;&#x44F; &#x432;&#x435;&#x441;&#x430;</subfield>
  </datafield>
  <datafield tag="686" ind1="1" ind2=" ">
    <subfield code="a">&#x420;123.0</subfield>
  </datafield>
  <datafield tag="686" ind1="1" ind2=" ">
    <subfield code="a">&#x420;357.1</subfield>
  </datafield>
  <datafield tag="700" ind1=" " ind2="1">
    <subfield code="8">rus</subfield>
    <subfield code="7">ca</subfield>
    <subfield code="a">&#x411;&#x443;&#x440;&#x431;&#x43E;</subfield>
    <subfield code="b">&#x41B;.</subfield>
    <subfield code="f">1941-</subfield>
    <subfield code="g">&#x41B;&#x438;&#x437;</subfield>
    <subfield code="3">RU\NLR\AUTH\7729312</subfield>
    <subfield code="9">12341</subfield>
  </datafield>
  <datafield tag="790" ind1=" " ind2="1">
    <subfield code="8">fre</subfield>
    <subfield code="7">ba</subfield>
    <subfield code="a">Bourbeau</subfield>
    <subfield code="b">L.</subfield>
    <subfield code="f">1941-</subfield>
    <subfield code="g">Lise</subfield>
    <subfield code="3">RU\NLR\AUTH\7729314</subfield>
    <subfield code="9">12343</subfield>
  </datafield>
  <datafield tag="801" ind1=" " ind2="0">
    <subfield code="a">RU</subfield>
    <subfield code="b">&#x420;&#x413;&#x411;</subfield>
    <subfield code="c">20150514</subfield>
    <subfield code="g">RCR</subfield>
  </datafield>
  <datafield tag="801" ind1=" " ind2="1">
    <subfield code="a">RU</subfield>
    <subfield code="b">&#x420;&#x413;&#x411;</subfield>
    <subfield code="c">20150514</subfield>
    <subfield code="2">rusmarc</subfield>
  </datafield>
  <datafield tag="942" ind1=" " ind2=" ">
    <subfield code="c">BOOK</subfield>
  </datafield>
  <datafield tag="980" ind1=" " ind2=" ">
    <subfield code="a">NBR</subfield>
  </datafield>
</record>
